| 000 | 00518cam a2200193 a 4500 | ||
|---|---|---|---|
| 999 |
_c7355 _d7355 |
||
| 020 | _a9964303459 | ||
| 020 | _a9789964303457 | ||
| 050 | 0 | 0 |
_aPR9379.9.A94 _bI58 |
| 100 | 1 | _aAzasu, Kwakuvi, | |
| 245 | 1 | 4 |
_aThe invitation / _cKwakuvi Azasu. |
| 260 |
_aAccra : _bGhana Universities Press, _c2006. |
||
| 300 |
_a368 p. ; _c19 cm. |
||
| 500 | _aIncludes glossary of non-English words. | ||
| 650 | 0 | _aQuarreling | |
| 650 | 0 | _aEwe (African people) | |
| 650 | 0 | _aMerchant ships | |
| 650 | 0 | _aMerchant ships | |
| 942 | _cBK | ||